Normal view
MARC view
- Keeneth Krane
Entry Personal Name
001 - CONTROL NUMBER
- control field: 126810
003 - CONTROL NUMBER IDENTIFIER
- control field: NUST
005 - DATE AND TIME OF LATEST TRANSACTION
- control field: 20241108114344.0
008 - FIXED-LENGTH DATA ELEMENTS
- fixed length control field: 241108|| aca||aabn | a|a d
040 ## - CATALOGING SOURCE
- Original cataloging agency: NUST
- Transcribing agency: NUST
100 ## - HEADING--PERSONAL NAME
- Personal name: Keeneth Krane
670 ## - SOURCE DATA FOUND
- Source citation: Work cat.: (NUST): Keeneth Krane , Modern physics , 1996.
